000
00321nam a2200121Ia 4500
008
220204s9999 xx 000 0 und d
082
_a
057
_b
CLO
100
_a
CLOUDSLEY-THOMPSON, J L
245
0
_a
Man and the biology of arid zones.
260
_a
London
_b
Edward Arnold
_c
1977
650
_a
Arid zone ecology
942
_c
BK
999
_c
28738
_d
28738